Conjuntos aplicaciones matemáticas a la administración (Registro nro. 8754)

Detalles MARC
000 -ENCABEZADO
Número de control [NR] 00721nam a2200205Ia 4500
008 - DE LONGITUD FIJA DE DATOS DE ELEMENTOS - INFORMACIÓN GENERAL
Elementos de longitud fija [NR] 130821s1982 mx gr spa
040 ## - FUENTE DE CATALOGACION [NR]
Agencia de catalogación original [NR] Co-BoUCM
Idioma de catalogación [NR] spa
041 ## - CODIGO DE IDIOMA [R]
Código de idioma para texto/pista de sonido o título separado [R] Español
100 1# - ASIENTO PRINCIPAL--NOMBRE PERSONAL [NR]
Nombre personal [NR] Kleiman, Ariel
ID Autoridad 122819
245 10 - MENCION DE TITULO [NR]
Título [NR] Conjuntos aplicaciones matemáticas a la administración
Mención de responsabilidad, etc. [NR] Ariel Kleiman; Elena K. de Kleiman
260 ## - PUBLICACION, DISTRIBUCION, ETC. (PIE DE IMPRENTA) [R]
Lugar de publicación, distribución, etc. [R] México D.F. (México)
Nombre del editor, distribuidor, etc. [R] Limusa
Fecha de publicación, distribución, etc. [R] 1982
300 ## - DESCRIPCION FISICA [R]
Extensión [R] 197 páginas
490 ## - MENCION DE SERIE [R]
Mención de serie [R] Biblioteca Didactica de Matemáticas
500 ## - NOTA GENERAL [R]
Nota general [NR] El ejemplar 4 es una reimpresión del 2005
650 04 - ASIENTO SECUNDARIO DE MATERIA - TERMINO TEMATICO [R]
Término temático o nombre geográfico como elemento de entrada [NR] Conjuntos (Matemáticas)
9 (RLIN) 11608
650 04 - ASIENTO SECUNDARIO DE MATERIA - TERMINO TEMATICO [R]
Término temático o nombre geográfico como elemento de entrada [NR] Matemáticas
9 (RLIN) 19031
700 ## - ASIENTO SECUNDARIO - NOMBRE PERSONAL [R]
Nombre personal [NR] Kleiman, Elena K.
9 (RLIN) 155598
942 ## - ELEMENTOS DE ENTRADA AGREGADOS (KOHA)
Tipo de ítem principal el descrito en 300a Libro
Tema principal Ciencias puras
Edición 1
Parte restante de la signatura top. K53
Sistema de clasificación DEWEY
Clasificación 511.3
Existencias
Fecha de último préstamo Total préstamos Signatura topográfica Código de barras Última vez visto Ejemplar Price effective from Tipo de ítem Perdido Sistema de clasificación Dañado No prestable Tipo de ítem específico Suprimido Ubicación habitual Ubicación actual Localización Fecha de creación Forma de adquisición Costo
25/04/2024 4 511.3 K53 100068942 03/12/2025 Ej.3 03/02/2013 Libro   DEWEY     Libro   Claustro Claustro 4to piso 28/02/2004 Donación 26000.00